000
00308nam a22001337a 4500
008
170612b xxu||||| |||| 00| 0 eng d
020
_a
9780312091330
041
_a
eng
080
_a
32
100
_a
19
101
_a
SHP
245
_a
NEW POLITICS AMERICAN FOREIGN POLICY
_c
DEESE.D.A
942
_2
udc
_c
BK
999
_c
17045
_d
17045